|
|
|
|
| LEADER |
00000nam a2200000 a 4500 |
| 001 |
vtls001313029 |
| 003 |
SK-MaSNL |
| 005 |
20260223214742.0 |
| 008 |
180126sm y0 xo 0 und |
| 035 |
|
|
|a SNK000265444
|
| 040 |
|
|
|a SNK
|b slo
|c SNK
|e AACR2
|
| 044 |
|
|
|a xo
|c SK
|
| 245 |
1 |
|
|a STN EN 28662-3+A1 Ručné prenosné mechanizovanénáradie
|h Meranie kmitania na rukoväti Časť 3: Vŕtačky do kameňa a vŕtacie kladivá
|
| 260 |
|
|
|a Bratislava
|b Slovenský ústav technickej normalizácie
|c 1997
|
| 300 |
|
|
|a 16 s.
|
| 999 |
|
|
|c 716482
|d 718412
|
| 952 |
|
|
|t P60, <03>, [BOOK], {603}
|a SNK
|b SNK
|y PREZ
|7 0
|p 17A0092067
|o snkSTN EN 28662-3+A1
|i snkN 59/97
|0 0
|1 0
|4 0
|d 1997-12-02
|l 0
|r 2005-01-02 00:00:00
|w 2026-02-23
|
| 952 |
|
|
|t P60, <04>, [BOOK], {604}
|a SNK
|b SNK
|y VYP
|7 0
|p 17A0092066
|o snkSTN EN 28662-3+A1 D1
|i snkN 60/97
|0 0
|1 0
|4 0
|d 1997-12-02
|l 0
|r 2005-01-02 00:00:00
|w 2026-02-23
|